Kim Possible Franchise - Statistics

General Stats
  • This quiz has been taken 27 times
  • The average score is 4 of 11
Answer Stats
Type Year Name Info % Correct
TV Show 2002-2007 Kim Possible Disney Channel
100%
TV Film 2019 Kim Possible Disney Channel
100%
TV Film 2005 Kim Possible Movie: So the Drama Disney Channel
79%
TV Film 2003 Kim Possible: A Sitch in Time Disney Channel
47%
Video Game 2004 Kim Possible 2: Drakken's Demise Disney Interactive
16%
Video Game 2005 Kim Possible 3: Team Possible Disney Interactive
11%
Video Game 2005 Disney's Kim Possible: Kimmunicator Buena Vista Games
5%
Video Game 2002 Disney's Kim Possible: Revenge of Monkey Fist Disney Interactive
5%
Video Game 2007 Kim Possible: Global Gemini Disney Interactive
5%
Video Game 2006 Disney's Kim Possible: Legend of the Monkey's Eye Disney Interactive
0%
Video Game 2006 Kim Possible: What's the Switch? Buena Vista Games
0%
No matching quizzes found
Score Distribution
Percent of People with Each Score
Percentile by Number Answered
Your Score History
You have not taken this quiz